000 00681nas a2200241 4500
001 BR8108254
003 BR-BrBNA
005 20231205084935.0
007 ta
008 230509b bl.|||p| |||| 00| 00por d
040 _aBR-BrBNA
_bpor
_cBiblioteca Nacional de Agricultura
041 _a(Pt)
072 _aL73
100 1 _aGaristo, A.
245 1 _aPasteurelose bovina, pouco conhecida mas muito perigosa
650 _aBOVINO
650 _aPASTEURELOSE
650 _aDIAGNOSTICO
650 _aPROFILAXIA
773 0 _tBalde Branco (Brazil)
_xISSN 0005-4275
_g(Feb 1981), (no. 196) p. 26-27
_wBR8108254
909 _a202311
_bLúcia
_c55
_dLúcia Elande
942 _2AGRIS
_n0
_cANA
999 _c108246
_d108246